Central Library OPAC University of Rajshahi

Law and power in the Islamic world / (Record no. 3541)

MARC details
000 -LEADER
fixed length control field 00979nam a2200313 a 4500
001 - CONTROL NUMBER
control field 3541
003 - CONTROL NUMBER IDENTIFIER
rucl marc code BD-RjUL
005 - DATE AND TIME OF LATEST TRANSACTION
control field 20211208233741.0
008 - FIXED-LENGTH DATA ELEMENTS--GENERAL INFORMATION
fixed length control field 131219s2003 enk b 001 0 eng
020 ## - INTERNATIONAL STANDARD BOOK NUMBER
International Standard Book Number 1860648657
International Standard Book Number 1850439346 (pbk.)
035 ## - SYSTEM CONTROL NUMBER
System control number (OCoLC)ocm51569047
System control number (BD-RjUL)3575
System control number (NNC)3442341
040 ## - CATALOGING SOURCE
Original cataloging agency UKM
Transcribing agency UKM
Modifying agency C#P
-- BD-RjUL
Language of cataloging eng
041 ## - LANGUAGE CODE
Language code of text/sound track or separate title eng
082 00 - DEWEY DECIMAL CLASSIFICATION NUMBER
Edition number 21
Classification number 340.59
Author mark and year ZUL 2005
100 1# - MAIN ENTRY--PERSONAL NAME
Personal name Zubaida, Sami,
Dates associated with a name 1937-
9 (RLIN) 11170
245 10 - TITLE STATEMENT
Title Law and power in the Islamic world /
Statement of responsibility, etc. Sami Zubaida.
260 ## - PUBLICATION, DISTRIBUTION, ETC. (IMPRINT)
Place of publication, distribution, etc. London ;
-- New York :
Name of publisher, distributor, etc. I.B. Tauris,
Date of publication, distribution, etc. c2003 [Reprinted 2005].
300 ## - PHYSICAL DESCRIPTION
Pagination vii, 248 p. ;
Size 25 cm.
490 1# - SERIES STATEMENT
Series statement Library of modern Middle East studies ;
Volume/sequential designation 34
504 ## - BIBLIOGRAPHY, ETC. NOTE
Bibliography, etc Includes bibliographical references (p. 231-236) and index.
650 #0 - SUBJECT ADDED ENTRY--TOPICAL TERM
Topical term or geographic name as entry element Islamic law.
9 (RLIN) 11171
830 #0 - SERIES ADDED ENTRY--UNIFORM TITLE
Volume number/sequential designation 34.
Uniform title Library of modern Middle East studies ;
942 ## - ADDED ENTRY ELEMENTS (KOHA)
Source of classification or shelving scheme Dewey Decimal Classification
Koha item type Books
Holdings
Lost status Source of classification or shelving scheme Damaged status Not for loan Collection code Permanent Location Current Location Shelving location Date acquired Source of acquisition Cost, normal purchase price Total Checkouts Full call number Date last seen Date checked out Copy number Koha item type
  Dewey Decimal Classification     Non-fiction Central Library, University of Rajshahi Central Library, University of Rajshahi   23/02/2008 Paragon Ent. 14.24 13 340.59 ZUL 2005 07/12/2016 07/12/2016 C-3 Books
  Dewey Decimal Classification     Non-fiction Central Library, University of Rajshahi Central Library, University of Rajshahi   05/08/2006 Dhaka, paragon enterprices ltd. 14.99   340.59 ZUL 2005 27/09/2016   C-2 Books
  Dewey Decimal Classification   Not For Loan Non-fiction Central Library, University of Rajshahi Central Library, University of Rajshahi Reading Room 05/08/2006 Paragogn Enterprise, Dhaka 14.99   340.59 ZUL 2003 21/12/2016   C-1 Books